EPIC: The Musical - Ruthlessness - Statistics

General Stats
  • This quiz has been taken 398 times
  • The average score is 314 of 366
Answer Stats
% Correct
I
100%
Ensemble Poseidon!
99%
Odysseus Poseidon..
99%
Odysseus Poseidon,
99%
the
99%
The
99%
a
98%
A
98%
is
98%
you
98%
Poseidon You
98%
you,
98%
of
97%
to
97%
all
95%
Odysseus All
95%
my
95%
but
94%
But
94%
Poseidon In
94%
in
94%
me..
94%
mercy
94%
Mercy
94%
mercy-
94%
Odysseus No..
94%
no.
94%
no
94%
our-
94%
ruthlessness
94%
(ruthlessness
94%
| Laestrygonians/Crew | Poseidon/Laestrygonians Ruthlessness
94%
(Ruthlessness
94%
so
94%
So
94%
son
94%
son.
94%
that
94%
do
93%
go
93%
upon
93%
with
93%
get
92%
mine!
92%
mine.
92%
ourselves.
92%
ourselves)
92%
Ourselves!
92%
ourselves!
92%
OURSELVES!
92%
who
92%
your
92%
and
91%
Poseidon And
91%
hurt
91%
it
91%
what
91%
Odysseus What
91%
Poseidon WHAT?!
91%
years
91%
cyclops
90%
line.
90%
line
90%
That's
90%
that's
90%
this
90%
wave?
90%
blind,
89%
done.
89%
done..?
89%
kill,
89%
living,
89%
now.
89%
now!
89%
now
89%
often
89%
right.
89%
are
88%
got
88%
left
88%
made
88%
crossed
87%
good,
87%
I've
87%
not
87%
very
87%
we
87%
We
87%
isn't
86%
been
85%
cause
85%
Cause
85%
killed
85%
mean,
85%
off.
85%
pissed
85%
too
85%
try
85%
worst
85%
you're
85%
chill
84%
even
84%
great.
84%
him
84%
him.
84%
kind
84%
waves,
84%
job
83%
just
83%
live!
83%
has
82%
hate!
82%
without
82%
damn
81%
gotta
81%
Greek,
81%
have
81%
price!
81%
won't
81%
yet
81%
Poseidon/Laestrygonians I'm
80%
only
80%
shark
80%
Ensemble When
80%
choice,
79%
doubt!
79%
far
79%
gracious,
79%
make
79%
nice!
79%
pain,
79%
avoided
78%
could've
78%
die.
78%
Poseidon Die.
78%
had
78%
swimming
78%
bleed,
77%
harm.
77%
how
77%
meant
77%
need
77%
see
77%
then
77%
between
76%
don't
76%
fight
76%
for
76%
let
76%
reeks
76%
totally
76%
you've
76%
drown!
75%
his
75%
pleasure
75%
save
75%
does
74%
lives,
74%
took
74%
disarm
73%
give,
73%
time
73%
before
72%
escape..
72%
final
72%
learn
72%
name,
71%
open
71%
pack
71%
reveal
71%
wanted
71%
bag!
70%
become
70%
false
70%
Unless,
70%
wolves
70%
almost
69%
apologize,
69%
invisible.
69%
course,
68%
dark,
68%
man
68%
monster?
68%
monster
68%
son's
68%
(Captain!)
67%
finally
67%
Unlike
67%
close
66%
righteousness,
66%
tidal
66%
under
66%
command.
65%
Guess
65%
Remember
65%
hopefulness
64%
say
64%
am
63%
cries.
63%
goodbye,
63%
heart,
62%
It's
62%
ripple
62%
today
62%
world
62%
moment,
61%
Any
58%
darkest
58%
ice
58%
last
58%
words?
58%
break
57%
three
56%
Poseidon Forty
55%
always
52%
near.
52%
crack,
49%
we're
48%
draws
41%
about
37%
naivete
35%
No matching quizzes found
Score Distribution
Percent of People with Each Score
Percentile by Number Answered
Your Score History
You have not taken this quiz